Statistics for U.S. States with Youngest Median Age

Click here to take the quiz!

General Stats

  • This quiz has been taken 5,489 times
    (5,458 since last reset)
  • The average score is 6 of 10

Answer Stats

Age State % Correct
36.7California
93%
34.9Texas
83%
36.9Colorado
64%
31.0Utah
63%
34.9Alaska
61%
36.8Georgia
56%
36.8Idaho
51%
36.7Oklahoma
45%
35.4North Dakota
38%
36.7Nebraska
36%

Score Distribution

Percentile by Number Answered

Percent of People with Each Score

Your Score History

You have not taken this quiz since the last reset